| 000 | 00372 a2200109 4500 | ||
|---|---|---|---|
| 001 | ART_42597 | ||
| 005 | 20260410161808.0 | ||
| 008 | 260409a | ||
| 245 | 1 | 0 | _aReflexiones sobre paradigmas concursales en el derecho argentino y americano |
| 100 | 1 | _aTruffat, Edgardo Daniel | |
| 773 | 0 |
_tDoctrina Societaria y Concursal _g- NÂș 270 (may. 2010) _wREV4298 |
|
| 999 |
_c21174 _d21174 |
||